00443nam a2200145Ia 450000500170000000800460001703700120006304000200007504100130009508400090010810000290011724501290014626000090027530000130028420250923144459.0008 250917s9999 xx 000 0 eng d aTextual aDSWLbengcDSWL aeng2eng qDSWL aPaul, Dharam  0aSocio economic survey of 80 displaced of a milies of subordinates of the Punjab govt stationed at Simla hillcby Dharam Paul c1953 avi,120p.